000 00536cam a2200217ua 4500
001 10451
005 20260515114626.0
008 190222n ii |||gr||||Z||||||eng
020 _a9789384303631
040 _cMAIN
041 _aeng
082 _a954.162
100 _aSanjay Sen,
_eAuthor.
245 _aSocio cultural and economic history of Assam
250 _a1st ed.
260 _aDibrugarh:
_bMahaveer publications,
_c2016-17.
300 _a665p.
653 _aSouth Asia India
653 _aHistory of Assam
942 _cBK
999 _c9428
_d9428